| 000 | 00542nam a2200193Ia 4500 | ||
|---|---|---|---|
| 003 | GCL | ||
| 008 | 140319s9999 xx 000 0 ara d | ||
| 040 |
_aGCL / _cGCL |
||
| 082 | 0 | 4 |
_a320.9 _bف س |
| 100 | 1 | _aفؤاد دواره | |
| 245 | 1 | 0 |
_aسقوط حلف بغداد / _cفؤاد دواره |
| 300 | _a146 ص | ||
| 490 |
_aكتب سياسية _v0 |
||
| 650 | 0 | 4 | _aالعالم العربى |
| 650 | 0 | 4 | _aالاحوال السياسية |
| 650 | 0 | 4 | _aحلف بغداد |
| 650 | 0 | 4 | _aالاحلاف العسكرية |
| 942 |
_2ddc _cBK |
||
| 999 |
_c46739 _d46739 |
||